Statistiques concernant Les villes les plus peuplées de Bretagne

Cliquez ici pour prendre le quiz!

Statistiques générales

  • Ce quiz a été pris 2 133 fois
  • Le résultat moyen est 14 sur 30

Statistiques - réponses

HintRéponse% Correct
149.649Brest
99%
206.194Rennes
99%
63.274Quimper
94%
59.224Lorient
90%
51.759Vannes
89%
50.697Saint-Malo
86%
46.089Saint-Brieuc
82%
10.967Dinan
60%
16.004Morlaix
56%
19.435Concarneau
54%
21.798Fougères
53%
18.368Lannion
52%
13.501Pontivy
47%
10.841Quimperlé
46%
15.324Vitré
41%
14.274Landerneau
36%
10.899Auray
35%
15.840Douarnenez
35%
21.901Lanester
29%
14.336Cesson-Sévigné
27%
10.564Lamballe
26%
13.440Hennebont
25%
13.181Bruz
23%
12.588Guipavas
20%
18.301Ploemeur
17%
12.243Plougastel-Daoulas
11%
12.054Plouzané
11%
12.517Plérin
9%
10.851Le Relecq-Kerhuon
7%
10.576Ploufragan
7%

Distribution des résultats

Percentile par nombre de réponses

% des personnes avec chaque résultat

Votre développement - résultats

Vous n’avez pas pris ce quiz